| 000 | 00322nam a2200121Ia 4500 | ||
|---|---|---|---|
| 008 | 231129s9999||||xx |||||||||||||| ||spa|| | ||
| 040 | _bspa | ||
| 082 | _aCo863.44 S199p | ||
| 100 | _aSanchez Juliao David | ||
| 245 | 0 | _aPor que me llevas al hospital en canoa Papa ? | |
| 264 | _aFundacion del Caribe | ||
| 942 |
_2ddc _cBKS |
||
| 999 |
_c23067 _d23067 |
||